000
00252nam a2200109Ia 4500
008
190907s9999||||xx |||||||||||||| ||und||
100
_a
David L. Laudon
245
0
_a
Consumer Behavior
260
_a
USA
_b
McGraw -Hill
_c
1993
300
_a
788
942
_c
BK
999
_c
6596
_d
6596